00522nmm a2200169Ia 4500008004100000020001500041041000800056100001900064245004200083264006900125300001800194490002200212650002200234700001900256700002700275856005000302251105s9999||||xx |||||||||||||||||und|| a8477335044 aspa aParker, R.A.C. 0aHistoria de la segunda guerra mundial a[Madrid, España] :bPrensas Universitarias de Zaragoza, c1998 a438 páginas aCiencias sociales aHistory of Europe aParker, R.A.C.1 a Omnivox, S.L. (trad.) uhttps://public.digitaliapublishing.com/a/2125